[Event "ZN-2018-0-03779"]
[Site "LSS email"]
[Date "2018.05.04"]
[Round "?"]
[White "Ballarin, Alessandro"]
[Black "Digiglio, Rafael"]
[Result "0-1"]
[WhiteElo "498"]
[BlackElo "636"]
[PlyCount "24"]
[EventDate "2018.04.30"]
[EventType "match (corr)"]
[EventRounds "2"]
[EventCountry "GER"]
[SourceTitle "Corr 2022"]
[Source "ChessBase"]
[SourceDate "2021.10.24"]
[SourceVersion "1"]
[SourceVersionDate "2021.10.24"]
[SourceQuality "1"]

1. d4 d5 2. c4 c6 3. Nc3 h6 4. Bf4 Nf6 5. e3 e6 6. Nf3 Bb4 7. Bd3 0-0 8. 0-0 a6 9. a4 Bxc3 10. bxc3 Re8 11. cxd5 cxd5 12. c4 b6 0-1

[Event "SN-2018-0-00921"]
[Site "LSS email"]
[Date "2018.04.30"]
[Round "?"]
[White "Ballarin, Alessandro"]
[Black "Strnad, Pavel"]
[Result "0-1"]
[WhiteElo "460"]
[BlackElo "474"]
[PlyCount "50"]
[EventDate "2018.04.08"]
[EventType "tourn (corr)"]
[EventRounds "6"]
[EventCountry "GER"]
[SourceTitle "Corr 2022"]
[Source "ChessBase"]
[SourceDate "2021.10.24"]
[SourceVersion "1"]
[SourceVersionDate "2021.10.24"]
[SourceQuality "1"]

1. d4 Nf6 2. c4 g6 3. Nc3 Bg7 4. e4 d6 5. Nf3 Bg4 6. Be2 Nbd7 7. 0-0 0-0 8. Be3 Re8 9. Bf4 e5 10. dxe5 dxe5 11. Bg3 c5 12. Nd2 Bxe2 13. Qxe2 Qc8 14. Rfd1 a6 15. a4 Re6 16. f3 b6 17. Nb3 Qc7 18. Bf2 Rc8 19. a5 Rd6 20. Rxd6 Qxd6 21. Rd1 Qc7 22. axb6 Nxb6 23. Nxc5 Ra8 24. b4 Rd8 25. Rxd8+ Qxd8 0-1

[Event "SN-2018-0-00921"]
[Site "LSS email"]
[Date "2018.04.30"]
[Round "?"]
[White "Caviglia, Maximiliano"]
[Black "Ballarin, Alessandro"]
[Result "1-0"]
[WhiteElo "938"]
[BlackElo "460"]
[PlyCount "61"]
[EventDate "2018.04.08"]
[EventType "tourn (corr)"]
[EventRounds "6"]
[EventCountry "GER"]
[SourceTitle "Corr 2022"]
[Source "ChessBase"]
[SourceDate "2021.10.24"]
[SourceVersion "1"]
[SourceVersionDate "2021.10.24"]
[SourceQuality "1"]

1. d4 d5 2. Nf3 Nf6 3. Bf4 Bf5 4. e3 e6 5. Bd3 Bxd3 6. Qxd3 c5 7. c3 Nc6 8. Nbd2 Bd6 9. Bxd6 Qxd6 10. dxc5 Qxc5 11. Nb3 Qb6 12. 0-0 0-0 13. h3 h6 14. Rfd1 Rad8 15. Nfd4 Ne4 16. Nxc6 bxc6 17. c4 c5 18. cxd5 exd5 19. Qc2 c4 20. Nd4 Rfe8 21. Ne2 g5 22. Nd4 h5 23. Qe2 Nf6 24. Rab1 Re5 25. Qc2 Ne4 26. Nf3 Re6 27. Rd4 Rc6 28. Ne5 Rc5 29. Qe2 Qh6 30. Rbd1 f6 31. Nxc4 1-0

[Event "RN-2018-0-01430"]
[Site "LSS email"]
[Date "2018.04.29"]
[Round "?"]
[White "Caviglia, Maximiliano"]
[Black "Ballarin, Alessandro"]
[Result "1-0"]
[WhiteElo "943"]
[BlackElo "459"]
[PlyCount "48"]
[EventDate "2018.04.17"]
[EventType "tourn (corr)"]
[EventRounds "6"]
[EventCountry "GER"]
[SourceTitle "Corr 2022"]
[Source "ChessBase"]
[SourceDate "2021.10.24"]
[SourceVersion "1"]
[SourceVersionDate "2021.10.24"]
[SourceQuality "1"]

1. d4 d5 2. Nf3 Nf6 3. Bf4 c5 4. e3 Nc6 5. c3 Qb6 6. Qb3 c4 7. Qxb6 axb6 8. a3 Bf5 9. Nbd2 e6 10. Be2 Be7 11. Ne5 0-0 12. g4 Bg6 13. g5 Ne4 14. h4 Nxd2 15. Nxg6 hxg6 16. Kxd2 Na5 17. Bd1 b5 18. Bc2 Nb3+ 19. Bxb3 cxb3 20. h5 gxh5 21. Rxh5 g6 22. Rh6 Kg7 23. Rah1 Rh8 24. Be5+ f6 1-0

[Event "RN-2018-0-01430"]
[Site "LSS email"]
[Date "2018.04.29"]
[Round "?"]
[White "Vontina, Maria"]
[Black "Ballarin, Alessandro"]
[Result "0-1"]
[WhiteElo "930"]
[BlackElo "459"]
[PlyCount "86"]
[EventDate "2018.04.17"]
[EventType "tourn (corr)"]
[EventRounds "6"]
[EventCountry "GER"]
[SourceTitle "Corr 2022"]
[Source "ChessBase"]
[SourceDate "2021.10.24"]
[SourceVersion "1"]
[SourceVersionDate "2021.10.24"]
[SourceQuality "1"]

1. e4 e5 2. Nf3 Nf6 3. Nxe5 d6 4. Nf3 Nxe4 5. d4 d5 6. Bd3 Bd6 7. 0-0 0-0 8. Re1 Re8 9. a3 Bg4 10. h3 Bh5 11. c4 c6 12. Nc3 Nxc3 13. bxc3 Rxe1+ 14. Qxe1 Bxf3 15. gxf3 Nd7 16. Qe3 Qe8 17. Qxe8+ Rxe8 18. Be3 Nf6 19. c5 Bc7 20. Rb1 b5 21. cxb6 axb6 22. c4 dxc4 23. Bxc4 b5 24. Bb3 Ra8 25. Ra1 Kf8 26. Bd2 Bd6 27. Bc3 b4 28. Bb2 bxa3 29. Bc3 Nd5 30. Bd2 Nb4 31. Be3 Ke7 32. Kf1 Kf6 33. Ke2 Nd5 34. Ba2 Nc3+ 35. Kd3 Nxa2 36. Kc2 Nb4+ 37. Kb3 Rb8 38. Kc3 c5 39. Kd2 Ra8 40. Kc3 Nd5+ 41. Kd3 Nxe3 42. fxe3 cxd4 43. exd4 Kf5 0-1

[Event "OP-2018-0-04566"]
[Site "LSS email"]
[Date "2018.04.09"]
[Round "?"]
[White "Glowinski, Daniel"]
[Black "Ballarin, Alessandro"]
[Result "1-0"]
[WhiteElo "1401"]
[BlackElo "454"]
[PlyCount "30"]
[EventDate "2018.04.02"]
[EventType "tourn (corr)"]
[EventRounds "4"]
[EventCountry "GER"]
[SourceTitle "Corr 2022"]
[Source "ChessBase"]
[SourceDate "2021.10.24"]
[SourceVersion "1"]
[SourceVersionDate "2021.10.24"]
[SourceQuality "1"]

1. e4 e5 2. Nf3 Nf6 3. Nxe5 d6 4. Nf3 Nxe4 5. Nc3 Nxc3 6. dxc3 Be7 7. Bd3 Bg4 8. h3 Bh5 9. Be3 Nc6 10. Qe2 Qd7 11. g4 Bg6 12. 0-0-0 0-0-0 13. Bb5 a6 14. Ne5 Qe8 15. Bxc6 bxc6 1-0

[Event "OP-2018-0-04566"]
[Site "LSS email"]
[Date "2018.04.09"]
[Round "?"]
[White "Tamayo Gutierrez, Rommel"]
[Black "Ballarin, Alessandro"]
[Result "1-0"]
[WhiteElo "2040"]
[BlackElo "454"]
[PlyCount "27"]
[EventDate "2018.04.02"]
[EventType "tourn (corr)"]
[EventRounds "4"]
[EventCountry "GER"]
[SourceTitle "Corr 2022"]
[Source "ChessBase"]
[SourceDate "2021.10.24"]
[SourceVersion "1"]
[SourceVersionDate "2021.10.24"]
[SourceQuality "1"]

1. e4 e5 2. Nf3 Nf6 3. Nxe5 d6 4. Nf3 Nxe4 5. d4 d5 6. Bd3 Bd6 7. 0-0 0-0 8. c4 c6 9. Qc2 Na6 10. a3 Bg4 11. Ne5 Bh5 12. cxd5 Bxe5 13. dxc6 Qh4 14. dxe5 1-0

[Event "RN-2016-0-01198"]
[Site "LSS email"]
[Date "2016.10.13"]
[Round "?"]
[White "Ballarin, Alessandro"]
[Black "Brough, Carl"]
[Result "0-1"]
[WhiteElo "686"]
[BlackElo "721"]
[PlyCount "22"]
[EventDate "2016.10.04"]
[EventType "tourn (corr)"]
[EventRounds "6"]
[EventCountry "GER"]
[SourceTitle "Corr 2022"]
[Source "ChessBase"]
[SourceDate "2021.10.24"]
[SourceVersion "1"]
[SourceVersionDate "2021.10.24"]
[SourceQuality "1"]

1. d4 d5 2. c4 dxc4 3. Nc3 Bf5 4. Bf4 a6 5. a4 e6 6. e3 Bb4 7. Bxc4 h6 8. Nge2 Nf6 9. 0-0 0-0 10. Qb3 Nc6 11. Na2 a5 0-1

[Event "RN-2016-0-01197"]
[Site "LSS email"]
[Date "2016.10.10"]
[Round "?"]
[White "Ballarin, Alessandro"]
[Black "Bortnicker, Justin"]
[Result "0-1"]
[WhiteElo "686"]
[BlackElo "881"]
[PlyCount "26"]
[EventDate "2016.10.01"]
[EventType "tourn (corr)"]
[EventRounds "6"]
[EventCountry "GER"]
[SourceTitle "Corr 2022"]
[Source "ChessBase"]
[SourceDate "2021.10.24"]
[SourceVersion "1"]
[SourceVersionDate "2021.10.24"]
[SourceQuality "1"]

1. d4 d5 2. c4 c6 3. Nc3 Nf6 4. Nf3 dxc4 5. a4 Nbd7 6. Bf4 a5 7. e3 Nb6 8. Be2 g6 9. b3 cxb3 10. Qxb3 Bg7 11. 0-0 0-0 12. Rab1 Nbd5 13. Nxd5 cxd5 0-1

[Event "OP-2016-0-04178"]
[Site "LSS email"]
[Date "2016.10.09"]
[Round "?"]
[White "Broniek, Mariusz Maciej"]
[Black "Ballarin, Alessandro"]
[Result "1-0"]
[WhiteElo "2383"]
[BlackElo "682"]
[PlyCount "27"]
[EventDate "2016.10.02"]
[EventType "tourn (corr)"]
[EventRounds "4"]
[EventCountry "GER"]
[SourceTitle "Corr 2022"]
[Source "ChessBase"]
[SourceDate "2021.10.24"]
[SourceVersion "1"]
[SourceVersionDate "2021.10.24"]
[SourceQuality "1"]

1. e4 e5 2. Nf3 Nf6 3. Nxe5 d6 4. Nf3 Nxe4 5. d4 d5 6. Bd3 Be7 7. 0-0 0-0 8. c4 Nf6 9. Nc3 Nc6 10. h3 Be6 11. c5 b6 12. Be3 bxc5 13. dxc5 Nd7 14. Bb5 1-0

[Event "OP-2016-0-04178"]
[Site "LSS email"]
[Date "2016.10.08"]
[Round "?"]
[White "Garcia, Javier"]
[Black "Ballarin, Alessandro"]
[Result "1-0"]
[WhiteElo "697"]
[BlackElo "682"]
[PlyCount "47"]
[EventDate "2016.10.02"]
[EventType "tourn (corr)"]
[EventRounds "4"]
[EventCountry "GER"]
[SourceTitle "Corr 2022"]
[Source "ChessBase"]
[SourceDate "2021.10.24"]
[SourceVersion "1"]
[SourceVersionDate "2021.10.24"]
[SourceQuality "1"]

1. d4 d5 2. c4 c6 3. Nf3 Nf6 4. Nc3 Bg4 5. Bg5 Nbd7 6. e3 h6 7. Bh4 e6 8. c5 Be7 9. Be2 0-0 10. 0-0 Re8 11. h3 Bxf3 12. Bxf3 e5 13. Qb3 Qc7 14. Rfe1 Rad8 15. Rac1 e4 16. Be2 Nh7 17. Bxe7 Rxe7 18. a4 Ng5 19. Bb5 cxb5 20. Nxb5 Qb8 21. Nd6 Nf6 22. Nf5 Re6 23. Nd6 Rd7 24. Rc2 1-0

[Event "RN-2016-0-01192"]
[Site "LSS email"]
[Date "2016.10.01"]
[Round "?"]
[White "Strnad, Pavel"]
[Black "Ballarin, Alessandro"]
[Result "1-0"]
[WhiteElo "450"]
[BlackElo "784"]
[PlyCount "51"]
[EventDate "2016.09.24"]
[EventType "tourn (corr)"]
[EventRounds "6"]
[EventCountry "GER"]
[SourceTitle "Corr 2022"]
[Source "ChessBase"]
[SourceDate "2021.10.24"]
[SourceVersion "1"]
[SourceVersionDate "2021.10.24"]
[SourceQuality "1"]

1. e4 e5 2. Nf3 Nf6 3. Nc3 Nc6 4. a3 Bc5 5. Bc4 d6 6. h3 0-0 7. 0-0 Re8 8. d3 h6 9. Re1 Bd7 10. Be3 Bxe3 11. Rxe3 Nd4 12. Nxd4 exd4 13. Rg3 dxc3 14. bxc3 Bc6 15. Qd2 Kf8 16. Re1 d5 17. exd5 Rxe1+ 18. Qxe1 Nxd5 19. Bxd5 Qxd5 20. c4 Qe6 21. Qb4+ Kg8 22. d4 Be4 23. d5 Qb6 24. Qc3 f6 25. Qe3 Qxe3 26. Rxe3 1-0

[Event "RN-2016-0-01192"]
[Site "LSS email"]
[Date "2016.10.01"]
[Round "?"]
[White "Venturas, Bob"]
[Black "Ballarin, Alessandro"]
[Result "1-0"]
[WhiteElo "669"]
[BlackElo "784"]
[PlyCount "41"]
[EventDate "2016.09.24"]
[EventType "tourn (corr)"]
[EventRounds "6"]
[EventCountry "GER"]
[SourceTitle "Corr 2022"]
[Source "ChessBase"]
[SourceDate "2021.10.24"]
[SourceVersion "1"]
[SourceVersionDate "2021.10.24"]
[SourceQuality "1"]

1. e4 e5 2. Nf3 Nf6 3. Nc3 Nc6 4. Bc4 Bc5 5. 0-0 d6 6. h3 Be6 7. Bb5 0-0 8. Kh1 Nd4 9. d3 c6 10. Ba4 Qc7 11. Bg5 Nd7 12. Nh2 f6 13. Bh4 d5 14. exd5 Bxd5 15. Ne4 Bxe4 16. dxe4 Rad8 17. f4 Ne6 18. Bb3 Rfe8 19. f5 Ndf8 20. Qg4 Rd6 21. Bxf6 1-0

[Event "OP-2016-0-04169"]
[Site "LSS email"]
[Date "2016.09.27"]
[Round "?"]
[White "Ballarin, Alessandro"]
[Black "Osipov, Anatoly Vladimirovi"]
[Result "0-1"]
[WhiteElo "770"]
[BlackElo "2335"]
[PlyCount "34"]
[EventDate "2016.09.23"]
[EventType "tourn (corr)"]
[EventRounds "4"]
[EventCountry "GER"]
[SourceTitle "Corr 2022"]
[Source "ChessBase"]
[SourceDate "2021.10.24"]
[SourceVersion "1"]
[SourceVersionDate "2021.10.24"]
[SourceQuality "1"]

1. d4 Nf6 2. c4 e6 3. Nf3 b6 4. e3 Bb7 5. Be2 d5 6. Nbd2 Nbd7 7. 0-0 Be7 8. Re1 0-0 9. b3 Ne4 10. Nxe4 dxe4 11. Nd2 f5 12. f3 c5 13. Bb2 cxd4 14. Bxd4 e5 15. Bc3 Bc5 16. fxe4 Bxe3+ 17. Kf1 Qh4 0-1

[Event "OP-2016-0-04169"]
[Site "LSS email"]
[Date "2016.09.27"]
[Round "?"]
[White "Ballarin, Alessandro"]
[Black "Tarasov, Grigoriy"]
[Result "0-1"]
[WhiteElo "770"]
[BlackElo "2186"]
[PlyCount "26"]
[EventDate "2016.09.23"]
[EventType "tourn (corr)"]
[EventRounds "4"]
[EventCountry "GER"]
[SourceTitle "Corr 2022"]
[Source "ChessBase"]
[SourceDate "2021.10.24"]
[SourceVersion "1"]
[SourceVersionDate "2021.10.24"]
[SourceQuality "1"]

1. d4 Nf6 2. c4 g6 3. Nf3 Bg7 4. Bf4 0-0 5. Qc1 c5 6. Bh6 Bxh6 7. Qxh6 cxd4 8. Nxd4 Qb6 9. Qd2 Ne4 10. Qe3 Qb4+ 11. Nc3 Qxb2 12. Rc1 Nxc3 13. Rxc3 Qxa2 0-1